Yakko's World Exclusions - Statistics

General Stats
  • This quiz has been taken 11 times
  • The average score is 50 of 67
Answer Stats
Continent Answer % Correct
Europe Estonia
100%
North America Grenada
100%
Oceania Kiribati
100%
Europe Latvia
100%
Europe Lithuania
100%
Oceania Marshall Islands
100%
Europe Moldova
100%
Oceania Nauru
100%
North America Saint Kitts and Nevis
100%
North America Saint Lucia
100%
North America Saint Vincent and the Grenadines
100%
Europe Serbia
100%
Oceania Solomon Islands
100%
Europe Ukraine
100%
Europe United Kingdom
100%
Oceania Vanuatu
100%
Europe Andorra
80%
North America Antigua and Barbuda
80%
Europe Belarus
80%
Africa Cape Verde
80%
Africa Comoros
80%
Europe Croatia
80%
Europe Czech Republic
80%
North America Dominica
80%
Africa Eritrea
80%
Oceania Federated States of Micronesia
80%
Europe Kosovo
80%
Asia Maldives
80%
Africa Mauritius
80%
Europe North Macedonia
80%
Oceania Palau
80%
Europe San Marino
80%
Africa São Tomé and Príncipe
80%
Africa Seychelles
80%
Europe Slovakia
80%
Europe Slovenia
80%
Oceania Tonga
80%
North America Trinidad and Tobago
80%
Asia Turkmenistan
80%
Oceania Tuvalu
80%
Asia Uzbekistan
80%
Europe Vatican City
80%
Asia Armenia
60%
Asia Azerbaijan
60%
Africa Burkina Faso
60%
Africa Central African Republic
60%
Africa Democratic Republic of the Congo
60%
Asia East Timor
60%
Asia Georgia
60%
Africa Ivory Coast
60%
Asia Kazakhstan
60%
Asia Kyrgyzstan
60%
Europe Montenegro
60%
Oceania Papua New Guinea
60%
Oceania Samoa
60%
Asia Singapore
60%
Africa South Africa
60%
Asia Tajikistan
60%
Europe Bosnia and Herzegovina
40%
Asia Brunei
40%
Africa Equatorial Guinea
40%
Asia Myanmar
40%
Asia North Korea
40%
Africa South Sudan
40%
Asia United Arab Emirates
40%
Asia Cambodia
20%
Asia South Korea
20%
No matching quizzes found
Score Distribution
Percent of People with Each Score
Percentile by Number Answered
Your Score History
You have not taken this quiz